000 00987nam a2200265Ia 4500
003 OSt
005 20221005110930.0
006 a|||||r|||| 00| 0
007 ta
008 221004b |||||||| |||| 00| 0 hin d
020 _a9788126724963 (hbk)
_c250
024 _a16277
037 _bBR6148, 23/12/2014, Rajkamal Prakashan Pvt. Ltd.
_cTextual
040 _aCRL
_cCRL
_bhin
041 _2hin
_ahin
082 _aV2y7M69:g, 152P4
100 _aसुहृद, त्रिदीप
245 0 _aहिन्द स्वराज
_b एक अनुशीलन
246 _aHinda svarāja: ek anushīlana
260 _aनई दिल्ली
_bराजकमल प्रकाशन भारत
_c2014
300 _a115पृ0
_ccm.
650 _aविश्व-इतिहास
942 _hV2y7M69:g, 152P4
_cTEXL
_2cc
999 _c1020302
_d1020302